| 000 | 00625nam a22001577a 4500 | ||
|---|---|---|---|
| 999 |
_c521840 _d521840 |
||
| 008 | 230228b ||||| |||| 00| 0 eng d | ||
| 100 |
_aDiwekar, Rujuta _937751 |
||
| 245 | _aMillets in diet: The right approach | ||
| 260 | _aYojana | ||
| 300 | _aJan, 2023: p.17-18 | ||
| 520 | _aMillets are back in focus and rightly so. For centuries, they have been cultivated across India and have been on integral part of our food system and festivals. Saints have used millets as metaphors to spread their social message. – Reproduced | ||
| 650 |
_aMillets, Diet _937752 |
||
| 773 | _bYojana | ||
| 906 | _aFOOD | ||
| 942 | _cAR | ||